Southville International School and Colleges
Your cart is empty.
  • Cart
  • Lists
    Public lists Eva Luna New books Lux_list list_1
    Your lists Log in to create your own lists
  • Log in to your account
  • Your cookies
  • Search history
Southville International School and Colleges
  • Advanced search
  • Recent comments
  • Most popular
  • Libraries

Log in to your account

Log in with GOOGLE


If you do not have an external account, but do have a local account, you can still log in:

  1. Home
  2. MARC view: Strategy and policy /
Normal view MARC view ISBD view

Strategy and policy / (Record no. 25153)

[ view plain ]
MARC details
000 -LEADER
fixed length control field 00778nam a2200265 a 4500
005 - DATE AND TIME OF LATEST TRANSACTION
control field 20140310183605.0
008 - FIXED-LENGTH DATA ELEMENTS--GENERAL INFORMATION
fixed length control field 120608s19uu xx 00 eng d
020 ## - INTERNATIONAL STANDARD BOOK NUMBER
International Standard Book Number 9780390243485
050 ## - LIBRARY OF CONGRESS CALL NUMBER
Classification number HD 30.28
Item number .D475 2010
100 ## - MAIN ENTRY--PERSONAL NAME
Personal name Dess, Gregory
245 ## - TITLE STATEMENT
Title Strategy and policy /
Statement of responsibility, etc Gregory Dess, G.T. Lumpkin, Alan Eisner, and Gerry McNamara.
250 ## - EDITION STATEMENT
Edition statement 4th ed.
260 ## - PUBLICATION, DISTRIBUTION, ETC. (IMPRINT)
Place of publication, distribution, etc Boston :
Name of publisher, distributor, etc McGraw-Hill/Irwin,
Date of publication, distribution, etc 2010.
300 ## - PHYSICAL DESCRIPTION
Extent 217 p. :
Dimensions 26 cm.
440 ## - SERIES STATEMENT/ADDED ENTRY--TITLE
Title Course: strategy and policy
521 ## - TARGET AUDIENCE NOTE
Target audience note
650 ## - SUBJECT ADDED ENTRY--TOPICAL TERM
Topical term or geographic name as entry element Strategic planning
650 ## - SUBJECT ADDED ENTRY--TOPICAL TERM
Topical term or geographic name as entry element Industrial management
General subdivision United States
-- Case Studies
700 ## - ADDED ENTRY--PERSONAL NAME
Personal name Lumpkin, G.T.
700 ## - ADDED ENTRY--PERSONAL NAME
Personal name Eisner, Alan
700 ## - ADDED ENTRY--PERSONAL NAME
Personal name McNamara, Gerry
942 ## - ADDED ENTRY ELEMENTS (KOHA)
Koha item type Books
Source of classification or shelving scheme Library of Congress Classification
Call number prefix Foreign
Holdings
Withdrawn status Lost status Source of classification or shelving scheme Damaged status Home library Current library Shelving location Date acquired Total Checkouts Total Renewals Full call number Barcode Date last seen Date checked out Copy number Price effective from Koha item type
    Library of Congress Classification   College Library College Library General Circulation Section 07/27/2012 1 4 HD 30.28 .D475 2010 C14582 05/15/2018 08/04/2014 1 10/18/2013 Books
    Library of Congress Classification   College Library College Library General Circulation Section 12/11/2013     HD 30.28 .D475 2010 C14586 05/15/2018   2 12/11/2013 Books

Strategy and policy /

APA

Dess G., Lumpkin G., Eisner A. & McNamara G. (2010). Strategy and policy. Boston: McGraw-Hill/Irwin.

Chicago

Dess Gregory, Lumpkin G.T, Eisner Alan and McNamara Gerry. 2010. Strategy and policy. Boston: McGraw-Hill/Irwin.

Harvard

Dess G., Lumpkin G., Eisner A. and McNamara G. (2010). Strategy and policy. Boston: McGraw-Hill/Irwin.

MLA

Dess Gregory, Lumpkin G.T, Eisner Alan and McNamara Gerry. Strategy and policy. Boston: McGraw-Hill/Irwin. 2010.

  • Place hold
  • Print
  • Cite
  • Add to your cart (remove)
  • Save record
    BIBTEX Dublin Core MARCXML MARC (non-Unicode/MARC-8) MARC (Unicode/UTF-8) MARC (Unicode/UTF-8, Standard) MODS (XML) RIS
  • More searches
    Search for this title in:
    Other Libraries (WorldCat) Other Databases (Google Scholar) Online Stores (Bookfinder.com) Open Library (openlibrary.org)

Exporting to Dublin Core...

SOUTHVILLE LIBRARY

Southville International School and Colleges Library

1281 Tropical Ave. Cor. Luxembourg St., BF Homes International, Las Pinas City

Tel. No. 8256374 / 252358 Loc. 117/146

Powered by Koha